Thermonic Vacum Tubes (Record no. 12278)
[ view plain ]
| 000 -LEADER | |
|---|---|
| fixed length control field | 00363nam a2200133Ia 4500 |
| 008 - FIXED-LENGTH DATA ELEMENTS--GENERAL INFORMATION | |
| fixed length control field | 211109s9999||||xx |||||||||||||| ||und|| |
| 082 ## - DEWEY DECIMAL CLASSIFICATION NUMBER | |
| Classification number | 537.53 |
| Item number | APP-T |
| 100 ## - MAIN ENTRY--PERSONAL NAME | |
| Personal name | Appleton [e V], |
| 245 #0 - TITLE STATEMENT | |
| Title | Thermonic Vacum Tubes |
| 260 ## - PUBLICATION, DISTRIBUTION, ETC. | |
| Name of publisher, distributor, etc. | Mathrubhumi |
| Place of publication, distribution, etc. | Kozhikode |
| Date of publication, distribution, etc. | 1946 |
| 630 ## - SUBJECT ADDED ENTRY--UNIFORM TITLE | |
| General subdivision | General Stack |
| 650 ## - SUBJECT ADDED ENTRY--TOPICAL TERM | |
| Topical term or geographic name entry element | ScienceVacuum-tubes |
| 942 ## - ADDED ENTRY ELEMENTS (KOHA) | |
| Koha item type | BOOK |
| 650 ## - SUBJECT ADDED ENTRY--TOPICAL TERM | |
| Form subdivision | Physics |
| General subdivision | Electronics |
| Withdrawn status | Lost status | Damaged status | Not for loan | Home library | Current library | Date acquired | Total Checkouts | Full call number | Barcode | Shelving location | Date last seen | Price effective from | Koha item type |
|---|---|---|---|---|---|---|---|---|---|---|---|---|---|
| SB LIBRARY | SB LIBRARY | 09/11/2021 | 537.53 APP-T | 00012848 | GENERAL STACK | 09/11/2021 | 09/11/2021 | BOOK |